[Event "Stay Safe Play From Home 212"]
[Site "T#646677Emanuel Laske"]
[Date "2020.06.09"]
[Round "1"]
[White "Broken sword"]
[Black "Emresenar"]
[Result "0-1"]
[WhiteElo "2443"]
[BlackElo "1765"]
[Annotator "TA"]
[PlyCount "106"]
[EventDate "2020.06.09"]
[EventType "swiss (blitz)"]

{[%evp 9,106,-51,74,41,38,27,34,34,35,-7,-11,-12,75,72,194,186,261,253,273,270,380,369,1067,-390,-403,-403,-325,-281,-147,-333,-277,-282,-271,-594,-260,-267,-250,-318,-322,-279,-256,-273,-265,-276,-270,-284,-187,-227,-231,-231,-230,-243,-246,-270,-255,-296,-297,-281,-242,-293,-287,-282,-239,-249,-170,-154,-140,-182,-175,-175,-173,-267,-167,-160,25,12,22,23,50,47,297,312,29981,29982,29980,6299,29966,1379,5210,3867,29977,4714,29982,29983,29983,29983,29987,29984,29988]} 1. e4 b6 2. d4 Bb7 3. Bd3 d6 4. Nf3 Nf6 5. c3 g6 (5... Nxe4 $15 {stays ahead.} 6. c4 e6) 6. Nbd2 {B00: Queen's Fianchetto Defence, Nimzowitsch Defence.} Bg7 7. Qe2 O-O 8. O-O {[#] White is slightly better.} Nfd7 $146 ({Predecessor:} 8... Nh5 9. Nb3 a5 10. a4 c5 11. Rd1 Qc7 12. Bb5 e5 13. dxe5 dxe5 14. Qc2 Nc6 {½-½ (22) Kleibel,U (2173)-Firlbeck,H (2061) Bayern 2013}) 9. e5 dxe5 10. dxe5 Nc6 {[#]} (10... Nxe5 $11 {keeps the balance.} 11. Nxe5 Bxe5) 11. e6 $1 $16 {[%cal Re6d7]} Nf6 (11... Nde5 $16 12. exf7+ Nxf7) 12. exf7+ Rxf7 (12... Kh8 $142 13. Bc4 e5) 13. Ng5 $18 {Black must now prevent Bc4.} Rf8 14. Ne6 Qd5 (14... Qd7 $142 15. Nxf8 Rxf8) 15. Bc4 Nd4 $2 (15... Qe5 16. Nxc7+ Kh8) 16. Bxd5 $4 {[%mdl 8192]} (16. Nxd4 $18 {was the only winning move.} e6 17. Bxd5 exd5 18. N2f3) 16... Nxe2+ $19 17. Kh1 Bxd5 18. Nxf8 Nxc1 ({Don't take} 18... Bxf8 19. Nf3 $19) (18... Rxf8 $19 19. f3 e6) 19. c4 $2 (19. Nxg6 $17 hxg6 20. Rfxc1) 19... Rxf8 20. Raxc1 Bb7 21. Rfe1 $2 (21. f3 {is a better chance.}) 21... Re8 (21... Ng4 $142 22. f3 Nf2+ 23. Kg1 Nd3 {[%mdl 64] Double Attack}) 22. f3 Kf7 23. Nb3 Nd7 24. c5 bxc5 (24... Bxb2 25. Rc2 $17) 25. Nxc5 Nxc5 ({Not} 25... Bxb2 26. Nxb7 Bxc1 27. Rxc1 $15) 26. Rxc5 c6 ({But not} 26... Bxb2 27. Rxc7 Bd5 28. Rxa7 $17) 27. b3 e5 28. Rc4 Bf8 29. Ra4 a6 30. Rae4 Bd6 31. R4e3 c5 32. h3 Ke6 33. Rd1 Kd7 34. Red3 Re6 35. Rc3 Kc7 36. b4 c4 37. Rxc4+ Bc6 38. a3 Kb7 39. Rdc1 Bb5 40. Rc8 (40. Re4 $142) 40... Re7 41. Rh8 Rc7 $2 (41... e4 $17 42. fxe4 Rf7) 42. Rxc7+ $11 Bxc7 43. Rxh7 Kb6 44. Rg7 Bc6 $2 (44... Bd3 $14) 45. Rxg6 $18 Bd6 $2 (45... Kb7 $18 46. Rg4 Be8) 46. Rxd6 {[%mdl 4096] Endgame KR-KB} Kb5 {[#]} 47. Rd1 (47. Rxc6 $142 $1 Kxc6 48. h4 Kd6 49. h5 Ke6 50. a4 Kf5 51. h6 Kf6 52. b5) 47... Ka4 48. Ra1 (48. Re1 $142 e4 49. Rxe4 Bd5 50. h4 Bf7 51. g4 Bb3 52. h5 Bg8 53. g5) 48... Kb3 49. h4 Kb2 50. Re1 Kc2 51. Rxe5 {White mates.} Kd3 52. Ra5 Kc4 53. h5 Kb3 {[%mdl 32768] Quite a comeback for White. Accuracy: White = 56%, Black = 39%. . Sensor Board Error (Ke4/e5)?} 0-1

[Event "Stay Safe Play From Home 212"]
[Site "T#646677Emanuel Laske"]
[Date "2020.06.09"]
[Round "1"]
[White "Mepe_Nika"]
[Black "Fischer_11"]
[Result "1-0"]
[WhiteElo "2329"]
[BlackElo "2066"]
[Annotator "NA RC"]
[PlyCount "21"]
[EventDate "2020.06.09"]
[EventType "swiss (blitz)"]

1. g3 {[%emt 0:00:01]} f6 {[%emt 0:00:02]} 2. Bg2 {[%emt 0:00:00]} g6 {[%emt 0:00:00]} 3. Nf3 {[%emt 0:00:01]} Kf7 {[%emt 0:00:00]} 4. O-O {[%emt 0:00:00]} Bg7 {[%emt 0:00:00]} 5. d4 {[%emt 0:00:01]} e5 {[%emt 0:00:00]} 6. dxe5 {[%emt 0:00:01]} fxe5 {[%emt 0:00:00]} 7. e4 {[%emt 0:00:01]} d6 {[%emt 0:00:00]} 8. Ng5+ {[%emt 0:00:01]} Kf8 {[%emt 0:00:01]} 9. f4 {[%emt 0:00:01]} h6 {[%emt 0:00:01]} 10. fxe5+ {[%emt 0:00:01]} Ke7 {[%emt 0:00:03]} 11. Nf7 {[%emt 0:00:01] Fischer_11 gibt auf (Lag: Av=0.33s, max=0.5s)} 1-0

[Event "Stay Safe Play From Home 212"]
[Site "T#646677Emanuel Laske"]
[Date "2020.06.09"]
[Round "1"]
[White "Lamborghini"]
[Black "Klasman"]
[Result "1-0"]
[WhiteElo "2183"]
[BlackElo "1452"]
[Annotator "TA"]
[PlyCount "45"]
[EventDate "2020.06.09"]
[EventType "swiss (blitz)"]

{[%evp 9,45,133,142,122,121,87,98,63,78,69,89,64,71,59,51,70,107,115,145,144,179,173,179,162,212,193,292,294,278,170,340,342,355,356,461,457,860,840]} 1. e4 f5 2. exf5 Nf6 3. d4 d5 4. Bd3 e6 5. fxe6 Nc6 6. c3 {C01: French: Exchange Variation.} Bxe6 7. Qe2 {[#]} Qd7 $146 ({Predecessor:} 7... Qe7 8. Bg5 O-O-O 9. Nd2 h6 10. Bf4 g5 11. Bg3 Re8 12. O-O-O Qf7 13. f3 Bg7 {0-1 (60) Dubrovic,M (1665)-Hamzic,A Rijeka 2007}) 8. Bg5 {White is better.} Bd6 9. Nf3 O-O-O 10. Nbd2 Rhe8 11. O-O-O Bf5 12. Qf1 Bxd3 13. Qxd3 a6 14. Rhe1 h6 15. Bxf6 gxf6 16. g3 Rxe1 17. Rxe1 ({But not} 17. Nxe1 Ne7) 17... Re8 (17... Ne7 $142 18. Nh4 Qh3) 18. Rxe8+ $18 Qxe8 19. Kd1 b5 $2 (19... Qf7 20. Nf1 Ne7) 20. Qf5+ {[%mdl 64] [#] Double Attack} Kb7 21. Qxd5 b4 22. c4 Qe7 (22... Be7 $142 23. Qe4 Kb8) 23. Nb3 {Accuracy: White = 62%, Black = 38%.} 1-0

[Event "Stay Safe Play From Home 212"]
[Site "T#646677Emanuel Laske"]
[Date "2020.06.09"]
[Round "1"]
[White "Castlingarrocco"]
[Black "XShot"]
[Result "0-1"]
[WhiteElo "2015"]
[BlackElo "2513"]
[Annotator "TA"]
[PlyCount "40"]
[EventDate "2020.06.09"]
[EventType "swiss (blitz)"]

{[%evp 9,40,20,35,36,51,13,5,-18,0,0,18,27,14,16,21,-24,45,-6,9,0,19,-62,-52,-135,-137,-121,-127,-210,-164,-341,-339,-1784,-1766]} 1. d4 d6 2. e3 Nf6 3. f4 Bg4 4. Nf3 Nc6 5. Bb5 {[#]} a6 $146 ({Predecessor:} 5... e6 6. c4 a6 7. Ba4 Be7 8. h3 Bxf3 9. Qxf3 d5 10. Nc3 O-O 11. O-O Nb4 12. cxd5 exd5 {1-0 (32) Bezulenko,E (1928)-Lagashin,P (2178) St Petersburg 2011}) 6. Bxc6+ {A45: Trompowsky Attack.} bxc6 7. Qe2 Ne4 8. c3 {The position is equal.} d5 9. Nbd2 Nxd2 10. Bxd2 e6 11. h3 Bxf3 12. gxf3 f5 (12... c5 $11) 13. O-O ({White should play} 13. O-O-O $14) 13... Rg8 14. e4 {Hoping for exf5.} Qf6 15. exf5 ({White should try} 15. Rac1 $11) 15... Qxf5 $15 16. Kh2 (16. Qe5 $15) 16... Kd7 $17 17. Rae1 Bd6 18. Kh1 (18. Kg2 $17) 18... Raf8 19. Qh2 $2 {[#]} (19. Qg2) 19... g5 $19 20. fxg5 $2 (20. Rg1) 20... Bxh2 {Accuracy: White = 25%, Black = 80%.} 0-1

[Event "Stay Safe Play From Home 212"]
[Site "T#646677Emanuel Laske"]
[Date "2020.06.09"]
[Round "1"]
[White "Haxhi Baha"]
[Black "Lazieri3"]
[Result "0-1"]
[WhiteElo "1990"]
[BlackElo "2018"]
[Annotator "TA"]
[PlyCount "110"]
[EventDate "2020.06.09"]
[EventType "swiss (blitz)"]

{[%evp 9,110,11,6,-8,-14,-20,-4,-38,-11,-1,-3,-9,-14,-16,10,0,31,-27,-9,-68,-11,-18,-22,-12,12,-21,25,14,0,-100,-36,-23,8,8,8,7,8,6,8,8,8,8,40,38,38,34,81,76,78,35,35,35,43,35,36,0,40,43,37,43,43,0,0,0,0,0,0,-6,-6,-6,-6,-52,-8,-8,-6,-6,0,0,0,0,0,0,0,0,0,0,0,0,8,8,8,8,828,820,709,659,4627,4125,4134,4562,1761,1461,1158]} 1. e4 c6 2. Nc3 d5 3. Nf3 dxe4 4. Nxe4 Nf6 5. Nc3 Bf5 6. Bc4 {B11: Caro-Kann: Two Knights Variation.} e6 7. d3 Be7 {[#]} 8. Nh4 $146 {The position is equal.} ({Predecessor:} 8. O-O O-O 9. Bf4 Nbd7 10. Re1 Nd5 11. Nxd5 exd5 12. Bb3 a5 13. a4 Nc5 14. Nd4 {½-½ (34) Mihai,D (1040)-Colonescu,A (1526) Calimanesti 2013}) 8... Bg6 (8... Bg4 $5 {[%cal Rg4d1]} 9. Nf3 Nbd7 $11) 9. Nxg6 hxg6 10. O-O Nbd7 11. h3 Nb6 12. Bb3 Bd6 13. f4 (13. Ne4 $14) 13... Bc7 14. Ne4 (14. Be3 $11) 14... Nxe4 (14... Qd4+ $15 15. Nf2 Bxf4) 15. dxe4 $11 Qxd1 16. Rxd1 Ke7 17. Be3 Rhd8 18. Bc5+ Ke8 $1 19. a4 (19. f5 $11 {remains equal.}) 19... Nd7 (19... Bxf4 $17 20. c3 Rxd1+ 21. Rxd1 Nd7) 20. Be3 $15 Nf6 (20... Bb6 $5 {[%cal Rb6e3]} 21. Kf2 e5 $11) 21. e5 Nd5 22. Bxd5 cxd5 23. c3 Bb6 24. Bxb6 axb6 $11 {[%mdl 4096] Endgame KRR-KRR} 25. Rd4 Ra6 26. Kf2 Rda8 27. Rb4 Kd7 28. Ke3 Kc6 29. Kd4 (29. c4 $5 {[%cal Rc4d5]}) 29... Ra5 30. b3 Rc5 31. Rc1 b5 32. axb5+ Rxb5 33. Rxb5 Kxb5 $14 {KR-KR} 34. c4+ dxc4 35. bxc4+ (35. Rxc4 $5 {[%cal Rc4c7]} Rd8+ 36. Ke3 $11) 35... Kc6 36. Rb1 Ra2 37. g4 Rd2+ 38. Ke3 Rh2 39. Ke4 Rxh3 40. Rd1 Kc7 41. Ra1 Rc3 42. Kd4 Rg3 43. g5 Rf3 44. Ke4 Rc3 45. Kd4 Rc2 46. Rh1 Rf2 47. Ke3 Rc2 48. Kd3 Ra2 49. Rh7 Kc6 50. Rxg7 Kc5 $2 {[%mdl 8192] [#] Now Black is done in.} (50... Ra3+ $11 51. Ke4 Ra4) 51. Rxf7 $18 {White is clearly winning.} Ra3+ 52. Ke4 Kxc4 53. Rc7+ Kb5 54. Rxb7+ Kc6 55. Re7 Ra4+ {[%mdl 32768] Accuracy: White = 77%, Black = 63%. . Loss on time!?} 0-1

[Event "Stay Safe Play From Home 212"]
[Site "T#646677Emanuel Laske"]
[Date "2020.06.09"]
[Round "1"]
[White "Edmatuag"]
[Black "SoulofWolf"]
[Result "0-1"]
[WhiteElo "1722"]
[BlackElo "2203"]
[Annotator "TA"]
[PlyCount "62"]
[EventDate "2020.06.09"]
[EventType "swiss (blitz)"]

{[%evp 9,62,-16,-23,-29,25,13,35,26,81,83,120,115,117,87,123,64,134,70,93,62,75,38,41,31,27,32,18,-58,-63,-100,0,-177,-175,-164,-156,-183,-180,-379,-301,-311,-89,-295,100,-448,-79,-169,100,-209,47,-320,-299,-565,-542,-557,-503]} 1. e4 e6 2. d4 d5 3. e5 c5 4. c3 Nc6 5. Be3 Nge7 6. Nf3 {C02: French: Advance Variation.} Ng6 (6... Nf5 $142) 7. Bd3 Be7 {[#]} 8. h4 $146 {White is slightly better.} ({Predecessor:} 8. O-O O-O 9. Re1 cxd4 10. cxd4 Bd7 11. Nc3 Rc8 12. Ne2 Qb6 13. b3 Ba3 14. Bc1 {1-0 (32) Csollar,T (1671)-Mejsnar,M (1926) Slovakia 2017}) 8... c4 (8... Bxh4 $2 9. Bxg6 cxd4 10. cxd4 $18 (10. Rxh4 dxe3 11. Rxh7 exf2+ 12. Kf1 Ke7 $16) (10. Nxd4 fxg6 11. Qg4 Be7 $16) (10. Bxd4 hxg6 11. g3 g5 $16)) (8... f5 $11 {keeps the balance.}) 9. Bc2 $1 $16 Bd7 10. h5 Nf8 11. Qe2 Qc7 12. Nbd2 (12. h6 $16 g6 13. Nbd2) 12... O-O-O (12... h6 $14) 13. Nf1 (13. Ng5 $16 Be8 14. h6) 13... f6 {[%cal Rf6e5]} 14. Bf4 (14. h6 {is more complex.} gxh6 15. exf6 Bxf6 16. Bxh6 Qa5 17. Qd2) 14... g5 15. hxg6 (15. exf6 $5 {[%cal Rf4c7]} gxf4 16. fxe7 Nxe7 17. N1h2 $16) 15... Nxg6 16. Bxg6 hxg6 17. Rxh8 Rxh8 18. Bg3 (18. exf6 $11 Qxf4 19. fxe7) 18... f5 $1 $15 19. Bf4 Qd8 (19... Qa5 $1 $17 20. Qd1 Rh1) 20. g3 $2 (20. Qd2 $11 {and White stays safe.}) 20... g5 $19 21. Be3 Be8 22. Qd2 {[%cal Re3g5]} Rg8 23. O-O-O $2 (23. N1h2 {was necessary.}) 23... Bh5 24. N1h2 Qf8 $2 (24... Qa5 $19 {and Black stays clearly on top.} 25. Kb1 f4 $1 {[%mdl 512]} 26. gxf4 gxf4 27. Bxf4 Qa4) 25. Rh1 $2 {[#]} (25. Rg1 $17) 25... Kc7 $2 ({Black should play} 25... f4 $1 $19 {[%mdl 512]} 26. gxf4 gxf4 27. Bxf4 Bxf3 {[%mdl 64] Overworked Piece} 28. Nxf3 Rg4) 26. Ng1 $2 {[%mdl 8192] [#]} (26. Bxg5 $16 {and life is bright.} b5 27. Bxe7 Qxe7 28. Qh6) 26... Rg7 $2 (26... f4 $1 $19 {[%mdl 512]} 27. gxf4 gxf4 28. Bxf4 Qf5) 27. f3 {[#]} (27. Nhf3 $2 Bxf3 28. Nxf3 f4 $1 $17 {[%mdl 512]}) (27. Nf1 $17 Qe8 28. f3) 27... Rf7 $2 ({Black should try} 27... f4 $1 $19 {[%cal Rf4e3][%mdl 512]} 28. gxf4 gxf4 29. Bxf4 Qf5) 28. g4 $2 {[%mdl 8192] [#]} (28. Bxg5 $16 Rh7 29. Bxe7 Qxe7 30. Nh3) 28... f4 $2 (28... fxg4 $1 $19 29. fxg4 {[#]} Bxg4 $1 {[%mdl 512]}) 29. Bf2 $2 {[%mdl 8192]} (29. gxh5 $14 {was forced to keep a grip.} fxe3 30. Qe2 (30. Qxe3 Rf4 $11)) 29... Bg6 30. Ne2 $2 (30. Nf1) 30... Rh7 31. Bg1 Qh8 {Accuracy: White = 22%, Black = 32%.} 0-1

[Event "Stay Safe Play From Home 212"]
[Site "T#646677Emanuel Laske"]
[Date "2020.06.09"]
[Round "1"]
[White "Trotsky"]
[Black "little champs"]
[Result "0-1"]
[WhiteElo "1583"]
[BlackElo "2256"]
[Annotator "TA"]
[PlyCount "62"]
[EventDate "2020.06.09"]
[EventType "swiss (blitz)"]

{[%evp 9,62,46,79,68,73,-14,0,-10,55,-58,-45,-66,-73,-547,-510,-524,-464,-531,-507,-543,-326,-423,-419,-629,-445,-841,-849,-1379,-1373,-1344,-1001,-984,-968,-1017,-902,-992,-967,-1545,-1590,-1576,-1561,-1504,-1484,-1506,-1474,-2291,-1963,-5531,-5121,-5017,-6625,-29989,-29981,-5322,-2122]} 1. d4 c6 2. e3 d5 3. c4 Nf6 4. Nc3 dxc4 5. Bxc4 g6 {[#]} 6. Qc2 $146 {D10: Slav Defence: 3 cxd5 (without early Nf3) and 3 Nc3.} ({Predecessor:} 6. Nf3 Bg7 7. O-O O-O 8. e4 b5 9. Bd3 b4 10. Na4 Ba6 11. Re1 Bxd3 12. Qxd3 Qa5 13. Qb3 {1-0 (48) Stojanovic,M (2522)-Lemmers,O (2327) Porto Carras 2018}) 6... Bg7 7. Bd3 (7. Nf3 $16) 7... O-O 8. Bd2 {The position is equal.} e5 (8... c5 $11) 9. Nf3 (9. dxe5 $14 Nfd7 10. f4) 9... exd4 $15 10. exd4 Re8+ 11. Be4 $2 {[%mdl 8192] White does not recover from this.} (11. Be2 $17) 11... Nxe4 $19 12. Nxe4 f5 {[%mdl 64] [#] Pin} 13. Nfg5 fxe4 14. O-O-O Bh6 15. h4 Qd5 16. f3 (16. Nxe4 $142 Bxd2+ 17. Nxd2) 16... Qxa2 17. Bc3 (17. Nxe4 $142 Bg7 18. h5) 17... exf3 18. gxf3 Bf5 19. Rd3 Qc4 {[%mdl 64] [#] Pin} 20. Rhd1 Na6 21. b3 Bxd3 22. Rxd3 Qd5 23. h5 Bxg5+ 24. Kb2 Rad8 25. hxg6 hxg6 26. f4 Bf6 27. Rh3 Qf5 28. Qxf5 gxf5 29. Rg3+ Kf7 30. d5 Bxc3+ 31. Kxc3 cxd5 {Accuracy: White = 21%, Black = 58%.} 0-1

[Event "Stay Safe Play From Home 212"]
[Site "T#646677Emanuel Laske"]
[Date "2020.06.09"]
[Round "2"]
[White "XShot"]
[Black "Lamborghini"]
[Result "1-0"]
[WhiteElo "2515"]
[BlackElo "2184"]
[Annotator "TA"]
[PlyCount "125"]
[EventDate "2020.06.09"]
[EventType "swiss (blitz)"]

{[%evp 11,125,8,44,3,24,10,29,20,30,8,6,0,4,-11,11,-12,0,-15,4,-3,15,16,15,2,29,0,15,15,15,15,15,15,18,4,14,-85,-97,-107,-69,-69,-69,-76,-76,-157,-76,-133,-76,-76,-76,-76,-76,-97,-74,-74,-74,-97,-67,-78,-76,-87,-87,-87,-87,-316,-316,-323,-330,-312,0,-91,-91,-91,-83,-91,-91,-91,-91,-91,-91,-91,-91,-91,-91,-91,0,0,0,0,-4,-4,-4,-4,61,61,99,101,260,261,921,908,829,353,738,163,455,0,0,0,644,371,29983,29982,29992,29976,29983,2342]} 1. d4 g6 2. Nf3 Bg7 3. Nc3 d6 4. g3 Nf6 5. Bg2 O-O 6. O-O c6 7. b3 {[#] A49: 1 d4 Nf6 2 Nf3 g6 3 g3: Anti-King's Indian systems.} d5 $146 ({Predecessor:} 7... Nbd7 8. e4 e5 9. Be3 {½-½ (9) Radosevic,N (2190)-Stojanovic,S (2050) Belgrade 2014}) 8. Bb2 Bf5 9. a4 {[%cal Ba2a4,Ba4a5][%mdl 32] White has an edge.} Ne4 10. a5 Nxc3 11. Bxc3 Be4 12. Qc1 Nd7 13. Qb2 a6 14. Rfe1 Qc7 15. Bf1 Bxf3 16. exf3 e6 17. f4 Nf6 {[%cal Bd7f6,Bf6e8,Be8d6,Bd6c4][%mdl 32]} 18. b4 Rae8 19. Bd3 Re7 20. Bd2 Ne8 21. Be3 Nd6 22. Rac1 Rfe8 23. c4 (23. Rcd1 $11) 23... dxc4 $17 24. Bxc4 Nxc4 25. Rxc4 Qd8 26. Qc3 Rd7 27. Rc5 (27. f3 $142) 27... Rd5 (27... Bxd4 $142 28. Bxd4 Rxd4) 28. Rc1 (28. Rc4 $142) 28... Bf8 (28... Rxd4 $142 29. Bxd4 Bxd4) 29. Rc4 Qd7 30. Kg2 Rd8 31. h4 h5 32. Rd1 Bg7 33. Qc2 Qe7 34. Qe4 Qf6 35. Qf3 Qf5 36. Rd2 Bf8 37. Qd1 $2 (37. Rb2 $17) 37... Rb5 $19 {aiming for ...Qd5+.} 38. Qc2 Qd5+ ({Resist} 38... Bxb4 39. Qxf5 exf5 40. Re2 $19) 39. Kg1 Qf5 $2 ({Don't take} 39... Rxb4 40. Rc5 $19) (39... Bxb4 $19 40. Rd1 Bxa5) 40. Qxf5 (40. Kg2 $1 $11) 40... gxf5 $17 41. Rb2 Rdd5 42. Kf1 Bg7 43. Ke2 Rd7 44. Kd3 Rbd5 45. Kc3 Kf8 46. Rd2 Ke8 47. Rc5 Rxc5+ (47... R5d6 $17) 48. bxc5 {[%mdl 4096] Endgame KRB-KRB} Rd5 {And now ...Rxc5+ would win.} 49. Kc4 Kd7 50. f3 Kc8 51. Rg2 f6 (51... Bf6 $11) 52. g4 $1 $14 {[%cal Rg4f5]} fxg4 53. fxg4 {Threatens to win with f5!} hxg4 $2 (53... Bh6 $16 {was called for.}) 54. Rxg4 $18 Bf8 $2 (54... Rd7 55. h5 Kd8) 55. Rg8 Rd8 {[#]} 56. h5 (56. f5 $142 $1 {[%mdl 512]} exf5 57. h5) 56... Kd7 $2 {[#]} (56... Bh6 57. Rg6 {[%mdl 64] Double Attack} Rh8 58. Rxf6 Rh7 59. Rxe6 Kd7 60. Rd6+ Ke8) 57. Rg6 $2 (57. f5 $1 {[%mdl 512]}) 57... Be7 $2 (57... Ke7 58. f5 exf5) 58. Rg7 $2 ({White has to play} 58. h6 $18 Ke8 59. Rg8+ Kf7 60. Rg7+ Kf8 {[#]} 61. f5 $1 {[%mdl 512]}) 58... Rh8 $11 59. f5 $1 Ke8 $2 {[%mdl 8192]} (59... Rxh5 $11 60. Bf4 e5 61. Bxe5 Ke8) 60. fxe6 f5 $2 (60... Rxh5 $18 61. Rg8+ Bf8) 61. h6 {White mates.} Rh7 62. Rg8+ Bf8 63. Rg6 {Quite a comeback for White. Accuracy: White = 67%, Black = 60%.} (63. Bg5 $142 Rc7 64. e7 Rxe7 65. Bxe7 {[%mdl 64] Pin} Kf7 66. Rxf8+ Kg6 67. Rb8 Kxh6 68. Rxb7) 1-0

[Event "Stay Safe Play From Home 212"]
[Site "T#646677Emanuel Laske"]
[Date "2020.06.09"]
[Round "2"]
[White "Broken sword"]
[Black "Edmatuag"]
[Result "1-0"]
[WhiteElo "2410"]
[BlackElo "1720"]
[Annotator "TA"]
[PlyCount "69"]
[EventDate "2020.06.09"]
[EventType "swiss (blitz)"]

{[%evp 22,69,26,28,110,56,48,43,157,118,300,184,231,164,229,85,209,208,293,264,238,262,451,386,387,398,419,282,378,96,98,99,306,305,286,305,347,343,297,291,289,258,323,323,466,459,452,438,394,354]} 1. e4 c5 2. Nf3 d6 3. d4 cxd4 4. Nxd4 Nf6 5. Nc3 a6 6. Be3 e6 7. f3 b5 8. Qd2 b4 9. Na4 Nbd7 10. g4 h6 11. h4 Bb7 12. O-O-O Qc7 {B80: Sicilian Scheveningen: 6 g3 and 6 Be3, including English Attack.} (12... Qa5 $11 {remains equal.} 13. b3 Rc8) 13. Kb1 (13. Qxb4 d5 $11) ({White should play} 13. Rg1 $16) 13... Qa5 $14 14. b3 {[#]} d5 $146 (14... Nc5 $1 $14) ({Predecessor:} 14... Nc5 15. a3 Nxa4 16. axb4 Qc7 17. bxa4 d5 18. e5 Nd7 19. f4 Nb6 20. Rh3 Nc4 {½-½ (55) Laube,B (2367)-Rocco Ruiz,J (2319) ICCF email 2017}) 15. Bh3 {Threatens to win with g5.} e5 $2 (15... dxe4 $16 {was necessary.} 16. g5 exf3) 16. Nf5 d4 17. Bf2 {g5 is the strong threat.} g6 {[#]} (17... Nc5 $142) 18. Ng3 (18. Nxd4 $1 $18 {[%mdl 512] Strongly threatening g5.} exd4 19. Bxd4) 18... Bc6 (18... Nc5 $16) 19. Nb2 $18 Bc5 (19... Rd8 $142 20. g5 hxg5) 20. Nc4 Qc7 21. g5 Nb6 $2 (21... Ng8 22. h5 Nb6 23. Nxb6 Bxb6 24. gxh6 (24. Qxb4 Bb5 $18) 24... Qd6 25. hxg6 fxg6) 22. gxf6 Nxc4 23. bxc4 a5 24. Qd3 a4 25. Kc1 $2 (25. f4 $18 {has better winning chances.}) 25... b3 $16 26. cxb3 Ba3+ $2 (26... axb3 $16 {was called for.} 27. axb3 (27. Qxb3 Ba4 $17) 27... Qa5) 27. Kd2 $18 axb3 28. axb3 ({Not} 28. Qxb3 O-O $14) 28... Bb4+ 29. Ke2 Qd6 30. Ra1 O-O 31. Rhb1 Rxa1 32. Rxa1 Ra8 (32... Qxf6 {is a better defense.} 33. h5 Qe7) 33. Rxa8+ Bxa8 34. Kf1 Qxf6 35. Kg2 {Accuracy: White = 27%, Black = 26%.} 1-0

[Event "Stay Safe Play From Home 212"]
[Site "T#646677Emanuel Laske"]
[Date "2020.06.09"]
[Round "2"]
[White "little champs"]
[Black "Mepe_Nika"]
[Result "1-0"]
[WhiteElo "2256"]
[BlackElo "2335"]
[Annotator "TA"]
[PlyCount "69"]
[EventDate "2020.06.09"]
[EventType "swiss (blitz)"]

{[%evp 9,69,0,7,3,10,-15,0,-8,-4,0,0,0,0,0,0,0,1,0,0,-2,12,-59,-17,-21,190,187,398,379,367,377,373,372,358,342,662,631,989,981,29988,29984,29995,1124,1272,1247,1174,1058,1037,1031,5010,1287,29996,1603,29983,29984,29995,29996,29998,29996,29998,29995,29998,29999]} 1. d4 d5 2. e3 Nf6 3. Nf3 Bf5 4. Be2 e6 5. O-O c5 6. c4 {D04: Colle System.} dxc4 {[#]} 7. dxc5 $146 ({Predecessor:} 7. Nc3 Nc6 8. Bxc4 cxd4 9. Nxd4 Nxd4 10. exd4 Bd6 11. Bb5+ Kf8 12. Qf3 Qb6 13. h3 {½-½ (38) Efimov,I (2465)-Hamdouchi,H (2480) France 1994}) 7... Qxd1 8. Rxd1 {The position is equal.} Bxc5 9. Nc3 O-O 10. Bxc4 Nc6 11. b3 Rac8 12. Bb2 Rfd8 13. Rac1 h6 14. h3 a6 15. a4 (15. Rxd8+ $11 Rxd8 16. Na4) 15... Nb4 16. Ne2 Nd3 $2 {[#] This move loses the game for Black.} (16... Rxd1+ $11 {and Black has nothing to worry.} 17. Rxd1 Bc2) 17. Bxd3 Bxd3 $2 (17... Rxd3 {keeps fighting.} 18. Rxd3 Bxd3) 18. Nf4 Be4 19. Rxd8+ Rxd8 20. Rxc5 Rd1+ 21. Kh2 Rb1 $2 {[#]} (21... Nd5 22. Nxd5 Bxd5 23. Rc8+ Kh7) 22. Bxf6 gxf6 23. Nd2 Rb2 24. Nxe4 f5 25. Nf6+ (25. Rc8+ $142 Kg7 26. Nh5+ Kg6 27. Rg8+ Kxh5 28. Nf6+ Kh4 29. g3#) 25... Kg7 26. N6h5+ Kf8 27. Rc7 Rxb3 28. Nf6 Kg7 29. N4h5+ Kg6 30. Ne8 (30. Rc8 $142 f4 31. e4 Rxh3+ 32. Kxh3 Kg5 33. Rg8#) 30... Rb4 31. Nf4+ {White mates.} Kg5 32. Rxf7 b5 33. axb5 Rxb5 34. Ng7 e5 35. Nge6+ {Accuracy: White = 79%, Black = 48%.} 1-0